Ανισότητα στην εποχή της κρίσης : θεωρητικές και εμπειρικές διερευνήσεις

Αποθηκεύτηκε σε:
Λεπτομέρειες βιβλιογραφικής εγγραφής
Άλλοι συγγραφείς: Αφουξανίδης, Αλέξανδρος
Μορφή: Βιβλίο
Γλώσσα:Greek
Δημοσίευση: Αθήνα : Προπομπός, 2012
Θέματα:
Ετικέτες: Προσθήκη ετικέτας
Δεν υπάρχουν, Καταχωρήστε ετικέτα πρώτοι!

MARC

LEADER 00000nam a2200000 i 4500
001 1/46837
008 140508s2012 gre d
020 |a 978-960-286-917-8 
035 |l 10117550 
040 |a GR-MY-UA  |b gre  |e aacr 
041 0 |a gre 
082 0 |a 306.309495  |2 (23) 
245 1 0 |a Ανισότητα στην εποχή της κρίσης :  |b θεωρητικές και εμπειρικές διερευνήσεις /  |c επιμέλεια, Αλέξανδρος Αφουξενίδης 
260 |a Αθήνα :   |b Προπομπός,   |c 2012 
300 |a 180 σ.;  |c 25 εκ. 
504 |a Περιλαμβάνει βιβλιογραφικές αναφορές 
650 0 0 |a Sociology  |x Economic aspects. 
650 0 0 |a Economics  |x Sociological aspects. 
650 0 0 |a Xenophobia  |z Greece. 
650 0 0 |a Regional disparities  |z Greece. 
651 0 |a Greece  |x Social conditions  |y 21st century. 
651 0 |a Greece  |x Economic conditions  |y 21st century. 
700 1 |a Αφουξανίδης, Αλέξανδρος. 
852 |a INST  |b LESVOS  |c EUDOXUS  |e 20140508  |h 306.309495 ΑΝΙ  |p 005100054116  |q 005100054116  |t EDX  |y 0 
901 |a BIBL1-2014-2 
909 |a Λ  |b 188894 
920 |a ΕΥΔΟΞΟΣ  |b ΠΑΡΑΓΓΕΛΙΑ  |y ΛΕΣΒΟΣ-ΤΓ  |z 2014-04 
970 |a ΤΖΑΦΕΡΗ  |b ΕΥΑΓΓΕΛΙΑ  |z 2014/05/07